El romance en el matrimonio / (Registro nro. 10188)

Detalles MARC
000 -LEADER
fixed length control field 00701nam a22002297a 4500
001 - CONTROL NUMBER
control field 000052567
003 - CONTROL NUMBER IDENTIFIER
control field DO-SdBNP
005 - DATE AND TIME OF LATEST TRANSACTION
control field 20180202091720.0
008 - FIXED-LENGTH DATA ELEMENTS--GENERAL INFORMATION
fixed length control field 160520b 1994 cl ||||| |||| 00| 0 spa d
020 ## - INTERNATIONAL STANDARD BOOK NUMBER
International Standard Book Number 1560637064
040 ## - CATALOGING SOURCE
Original cataloging agency BPMSU
Language of cataloging spa
Transcribing agency BPMSU
041 17 - LANGUAGE CODE
Language code of text/sound track or separate title spa
Language code of original eng
100 1# - MAIN ENTRY--PERSONAL NAME
Personal name Wright, Norman H.
240 10 - UNIFORM TITLE
Uniform title <a href="Holding on to romance.">Holding on to romance.</a>
Language of a work Español
245 10 - TITLE STATEMENT
Title El romance en el matrimonio /
Statement of responsibility, etc. Norman H. Wright ; traducido al castellano por Raquel de la Calle.
260 ## - PUBLICATION, DISTRIBUTION, ETC. (IMPRINT)
Place of publication, distribution, etc. Miami, Fla. :
Name of publisher, distributor, etc. Unilit,
Date of publication, distribution, etc. 1994.
300 ## - PHYSICAL DESCRIPTION
Extent 252 p. :
Other physical details il. ;
Dimensions 21 cm.
700 12 - ADDED ENTRY--PERSONAL NAME
Personal name Calle, Raquel de la,
Relator term tr.
942 ## - ADDED ENTRY ELEMENTS (KOHA)
Source of classification or shelving scheme Dewey Decimal Classification
Koha item type Libros
945 ## - LOCAL PROCESSING INFORMATION (OCLC)
a Inventariado, 2018 /LP
956 ## - LOCAL ELECTRONIC LOCATION AND ACCESS (OCLC)
Host name LOPEREZ
Access number 10
Compression information 20160520
Existencias
Withdrawn status Lost status Source of classification or shelving scheme Damaged status Not for loan Collection code Home library Current library Date acquired Source of acquisition Total Checkouts Barcode Date last seen Price effective from Koha item type
    Dewey Decimal Classification     Colección General Biblioteca Pública Metropolitana Salomé Ureña Biblioteca Pública Metropolitana Salomé Ureña 05/20/2016 FUNDI   BPMSU16050414 05/20/2016 05/20/2016 Libros